L'église des temps barbares
שמור ב:
| מחבר ראשי: | |
|---|---|
| פורמט: | ספר |
| שפה: | צרפתית |
| יצא לאור: |
París
Arthéme Fayard
1950
|
| סדרה: | Histoire de l'église du Christ, 2
|
| נושאים: | |
| תגים: |
הוספת תג
אין תגיות, היה/י הראשונ/ה לתייג את הרשומה!
|
MARC
| LEADER | 00000nam a2200000 a 4500 | ||
|---|---|---|---|
| 001 | UCP4946 | ||
| 003 | CL-VaPUC | ||
| 008 | 990821e19500000FR |||||||||||||||||fre|d | ||
| 082 | 0 | 4 | |a 270.2 |b ROP |2 21 |
| 100 | 0 | |a Rops, Daniel |e author |9 433023 | |
| 245 | 1 | 2 | |a L'église des temps barbares |
| 300 | |a 774 p | ||
| 942 | |c BK | ||
| 945 | |d 19990821 00:00:00 |a crobeson | ||
| 260 | |a París |b Arthéme Fayard |c 1950 | ||
| 600 | 0 | |a San Agustín de Hipona |x Teólogo y filósofo cristiano |9 311590 | |
| 600 | 0 | |a Justiniano I |d 483-565 |9 858631 | |
| 600 | 0 | |a Carlomagno |9 343111 | |
| 650 | 7 | |a HISTORIA ECLESIASTICA |2 CL-VaPUC |9 433024 | |
| 650 | 0 | |a Imperio carolingio |9 392797 | |
| 650 | 7 | |a MONASTICISMO |2 CL-VaPUC |9 258754 | |
| 650 | 0 | |a Baja Edad Media |9 400434 | |
| 583 | |a last modification |c 19990821 00:00:00 |k Rodrigo Vera | ||
| 490 | 0 | |a Histoire de l'église du Christ, 2 | |
| 999 | |c 282836 |d 282834 | ||
| 952 | |0 0 |1 0 |4 0 |6 270_200000000000000_ROP_1950 |7 0 |8 A |9 325292 |a BIBHIS |b BIBHIS |d 2019-11-20 |i 1355732 |o 270.2 ROP 1950 |p 1355732 |r 2025-01-20 |w 2019-11-20 |y BK |k HIS | ||